Statistics for FC Barcelona transfers in summer 2019

Click here to take the quiz!

General Stats

  • This quiz has been taken 66 times
  • The average score is 4 of 17

Answer Stats

Transferred From/ToAnswer% Correct
From Ajaxde Jong
97%
From AtleticoGriezmann
87%
From ValenciaNeto
41%
To BorussiaPaco Alcacer
39%
To EvertonAndre Gomes
39%
To CeltaDenis Suarez
39%
To ValenciaCillessen
33%
To EibarCucurella
18%
From GroningenReis
11%
To BetisEmerson
10%
From NAC Bredavan Beijnen
3%
To Gornik ZabrzeManneh
3%
To OsasunaCardona
3%
To Saint-EtiennePalencia
3%
To Athletic BilbaoEzkieta
2%
To LeedsMujica
2%
To CD TenerifeOrtola
2%

Score Distribution

Percentile by Number Answered

Percent of People with Each Score

Your Score History

You have not taken this quiz